| 000 | 00734nmc a2200301 a 4500 | ||
|---|---|---|---|
| 003 | AR-BaBNM | ||
| 005 | 20251128205615.0 | ||
| 008 | 298019s1994 ||||||||||||||000 | spa|| | ||
| 020 | _a84-350-0845-2 | ||
| 040 | _cAR-BaBNM | ||
| 100 | 1 | _aWiesel, Elie | |
| 245 | 1 | 0 | _aEl olvidado |
| 250 | _a1ª ed. | ||
| 260 |
_aBarcelona _bEdhasa _c1994 |
||
| 300 | 0 | _a326 p. | |
| 490 | 0 |
_aNarrativas contemporáneas _vv. 145 |
|
| 650 | 4 | _aSEGUNDA GUERRA MUNDIAL | |
| 650 | 4 | _aLITERATURA CONTEMPORANEA | |
| 650 | 4 | _aNOVELAS | |
| 650 | 4 | _aANTISEMITISMO | |
| 650 | 4 | _aNAZISMO | |
| 650 | 4 | _aJUDIOS | |
| 653 | 0 | _aLITERATURA RUMANA | |
| 655 | _aLITERATURA | ||
| 700 | 1 |
_aSordo, Enrique _etraductor |
|
| 942 | _cBK | ||
| 998 | _cMARTIN | ||
| 999 |
_c12109 _d12109 |
||